000 01106cam a22002771 4500
001 gs 41000088
003 DLC
005 20260227111346.0
008 891025s1939 sw af b 000 0 eng c
010 _ags 41000088
035 _a(OCoLC)20546807
040 _aU.S. Geol. survey. Library
_cCU
_dCU
_dDLC
042 _apremarc
050 0 0 _aQE282
_b.A3 ser. C, no. 428
082 _a554.85 s
100 1 _aLooström, Ragnar.
245 1 0 _aLönnfallet, southernmost part of the export field at Grängesberg,
_cby Ragnar Looström. With 3 plates.
260 _aStockholm,
_bKungl. Boktryckeriet, P.A. Norstedt & Söner,
_c1939.
300 _a30 p.
_billus., plates, diagrs. (3 fold. in pocket)
_c24 cm.
490 1 _a[Sweden] Sveriges geologiska undersökning. Ser. c. Avhandlingar och uppsatser.
_vn:o 428. Årsbok 33 (1939) n:o 8
504 _aBibliographical foot-notes.
650 0 _aGeology
_zSweden
_zGrängesberg.
650 0 _aIron ores
_zSweden
_zGrängesberg.
830 0 _aSer. C--Avhandlingar och uppsatser.
_vn:o 428.
830 0 _aÅrsbok (Sveriges geologiska undersökning) ;
_v33 : n:o 8.
999 _c27720
_d27720